| 000 -LEADER |
| fixed length control field |
01448 a2200277 4500 |
| 003 - CONTROL NUMBER IDENTIFIER |
| control field |
Nust |
| 005 - DATE AND TIME OF LATEST TRANSACTION |
| control field |
20220726145310.0 |
| 010 ## - LIBRARY OF CONGRESS CONTROL NUMBER |
| LC control number |
2004042113 |
| 020 ## - INTERNATIONAL STANDARD BOOK NUMBER |
| International Standard Book Number |
1402079869 (alk. paper) |
| 020 ## - INTERNATIONAL STANDARD BOOK NUMBER |
| International Standard Book Number |
1402079877 (e-book) |
| 040 ## - CATALOGING SOURCE |
| Transcribing agency |
Nust |
| 082 00 - DEWEY DECIMAL CLASSIFICATION NUMBER |
| Classification number |
005.82 |
| 100 ## - MAIN ENTRY--PERSONAL NAME |
| Personal name |
Chen, Kefei, |
| 9 (RLIN) |
95253 |
| 245 00 - TITLE STATEMENT |
| Title |
Progress on cryptography : |
| Remainder of title |
25 years of cryptography in China / |
| Statement of responsibility, etc. |
edited by Kefei Chen. |
| 260 ## - PUBLICATION, DISTRIBUTION, ETC. |
| Place of publication, distribution, etc. |
Boston : |
| Name of publisher, distributor, etc. |
Kluwer Academic Publishers, |
| Date of publication, distribution, etc. |
c2004. |
| 300 ## - PHYSICAL DESCRIPTION |
| Extent |
xiv, 246 p. : |
| Other physical details |
ill. ; |
| Dimensions |
25 cm. |
| 440 #0 - SERIES STATEMENT/ADDED ENTRY--TITLE |
| Title |
Kluwer international series in engineering and computer science ; |
| Volume/sequential designation |
SECS 769 |
| 9 (RLIN) |
82222 |
| 505 ## - FORMATTED CONTENTS NOTE |
| Formatted contents note |
Randomness And Discrepancy Transforms (Page-1), Legendre Sequences And Modified Jacobs Sequences (Page-9), Resilient Functions With Good Cryptographic Properties (Page-17), Differential Factoring For Integers (Page-25), Simple And Efficient Systematic A-Codes From Error Correcting Codes (Page-33), On Coefficients Of Binary Expression Of Integer Sums (Page-45), . A New Publicly Verifiable Proxy Signcryption Scheme (Page-53). |
| 650 #0 - SUBJECT ADDED ENTRY--TOPICAL TERM |
| Topical term or geographic name entry element |
Computer security |
| Geographic subdivision |
China |
| General subdivision |
History |
| 9 (RLIN) |
95254 |
| 650 #0 - SUBJECT ADDED ENTRY--TOPICAL TERM |
| Topical term or geographic name entry element |
Cryptography |
| Geographic subdivision |
China |
| General subdivision |
History |
| 9 (RLIN) |
95255 |
| 700 1# - ADDED ENTRY--PERSONAL NAME |
| Personal name |
Chen, Kefei, |
| Dates associated with a name |
1959- |
| 9 (RLIN) |
95256 |
| 700 1# - ADDED ENTRY--PERSONAL NAME |
| Personal name |
Xiao, G. |
| Dates associated with a name |
1934- |
| 9 (RLIN) |
95257 |
| 856 41 - ELECTRONIC LOCATION AND ACCESS |
| Materials specified |
Publisher description |
| Uniform Resource Identifier |
<a href="http://www.loc.gov/catdir/enhancements/fy0820/2004042113-d.html">http://www.loc.gov/catdir/enhancements/fy0820/2004042113-d.html</a> |
| 856 41 - ELECTRONIC LOCATION AND ACCESS |
| Materials specified |
Table of contents |
| Uniform Resource Identifier |
<a href="http://www.loc.gov/catdir/toc/fy046/2004042113.html">http://www.loc.gov/catdir/toc/fy046/2004042113.html</a> |
| 942 ## - ADDED ENTRY ELEMENTS (KOHA) |
| Koha item type |
Reference |
| Source of classification or shelving scheme |
|